| 000 | 00358nam a2200145Ia 4500 | ||
|---|---|---|---|
| 008 | 230917s9999||||xx |||||||||||||| ||und|| | ||
| 040 |
_e36871 _aMAIN |
||
| 041 | _aEnglish | ||
| 082 | _a410 Z8D | ||
| 100 | _aZsilka, Janos | ||
| 245 | 0 | _aDialectics of the motion in language | |
| 260 |
_aHague _bMouton Publishers _c1981 |
||
| 300 | _a311 p. | ||
| 942 | _cBK | ||
| 999 |
_c228874 _d228874 |
||